<?xml version="1.0" encoding="UTF-8"?>
<collection xmlns="http://www.loc.gov/MARC21/slim">
 <record>
  <leader>07298nam a2200385 a 4500</leader>
  <controlfield tag="001">kal3081</controlfield>
  <controlfield tag="003">Gr-AtHEAL</controlfield>
  <controlfield tag="005">20160422095406.0</controlfield>
  <controlfield tag="006">m        d        </controlfield>
  <controlfield tag="008">160413s2015    gr      s           gre|c</controlfield>
  <datafield tag="020" ind1=" " ind2=" ">
   <subfield code="a">9789606034459</subfield>
  </datafield>
  <datafield tag="040" ind1=" " ind2=" ">
   <subfield code="a">GR-AtHEAL</subfield>
   <subfield code="b">gre</subfield>
   <subfield code="c">GR-AtHEAL</subfield>
  </datafield>
  <datafield tag="082" ind1="0" ind2="4">
   <subfield code="a">616.15</subfield>
   <subfield code="2">23</subfield>
  </datafield>
  <datafield tag="100" ind1="1" ind2=" ">
   <subfield code="a">Λουκόπουλος, Δημήτρης.</subfield>
   <subfield code="8">630</subfield>
  </datafield>
  <datafield tag="245" ind1="1" ind2="0">
   <subfield code="a">Μαθήματα αιματολογίας</subfield>
   <subfield code="h">[Ηλεκτρονικός πόρος] </subfield>
   <subfield code="c">Λουκόπουλος, Δημήτρης ;  Πολίτου, Μαριάννα, Πολίτη ; Κριτικός αναγνώστης,Κωνσταντόπουλος, Κωνσταντίνος ; Γραφιστική επιμέλεια,Παπακοσμάς, Ιωάννης ; Γλωσσική επιμέλεια,.</subfield>
  </datafield>
  <datafield tag="260" ind1=" " ind2=" ">
   <subfield code="a">Αθήνα :</subfield>
   <subfield code="b">Σύνδεσμος Ελληνικών Ακαδημαϊκών Βιβλιοθηκών,</subfield>
   <subfield code="c">c2015.</subfield>
  </datafield>
  <datafield tag="490" ind1=" " ind2=" ">
   <subfield code="a">Ακαδημαϊκά Ηλεκτρονικά Συγγράμματα και Βοηθήματα Κάλλιπος</subfield>
   <subfield code="8">40</subfield>
  </datafield>
  <datafield tag="505" ind1="0" ind2=" ">
   <subfield code="a">ΠρόλογοςΟδηγός Μελέτης1. Τα Κύτταρα του αίματος. Αιμοποίηση 2. Τo ερυθροκύτταρο 3. Διαταραχές των ερυθροκυττάρων 4. Κληρονομικές Παθήσεις της Αιμοσφαιρίνης 5. Κοκκιοκύτταρα, Μονοκύτταρα, Ιστιοκύτταρα. Διαταραχές αριθμού, λειτουργίας και μορφολογίας (καλοήθεις) 6. Μυελοδυσπλαστικά Σύνδρομα 7. Μυελοϋπερπλαστικά νεοπλάσματα (ΜΥΝ)8. Χρόνια Μυελογενής λευχαιμία (ΧΜΛ) 9. Oξεία Λευχαιμία 10. Λεμφοκύτταρα. Ποσοτικές Μεταβολές Λεμφοκυττάρων. 11. Χρόνια λεμφοκυτταρική λευχαιμία12. Λεμφαδένες και σπλήν. Νόσοι αποθήκευσης (storage diseases)13. Οξεία Λεμφοβλαστική Λευχαιμία (ΟΛΛ)14. Λέμφωμα Hodgkin15. Λεμφώματα non-Hodgkin 16. Πλασματοκυτταρικές Δυσκρασίες. Πολλαπλούν Mυέλωμα 17. Αιμοπετάλια. Πήξη του αίματος. Αιμόσταση 18. Αιμορραγική διάθεση 19. Θρόμβωση και αντιπηκτική αγωγή20. Ιατρική της Μετάγγισης 21. Μεταμόσχευση στελεχιαίων αιμοποιητικών κυττάρων</subfield>
  </datafield>
  <datafield tag="520" ind1=" " ind2=" ">
   <subfield code="a">Το βιβλίο αρχίζει με την περιγραφή των φυσιολογικών κυττάρων του αίματος και των λειτουργιών που το καθένα από αυτά επιτελεί. Ακολουθεί η περιγραφή της παραγωγής κάθε τύπου κυττάρων και των μηχανισμών που την ρυθμίζουν. Η διεργασία αυτή είναι ιδιαίτερα πολύπλοκη αλλά και ενδιαφέρουσα γιατί προαπαιτεί μια πολύ καλή ισορροπία πολλαπλασιασμού, διαφοροποίησης και κυτταρικού θανάτου (απόπτωσης) κάθε κυτταρικής σειράς. Η ισορροπία αυτή επιτυγχάνεται με την αλληλεπίδραση εξωκυτταρικών παραγόντων (κυτταροκίνες κ. ά.) και ενδοκυττάριων &quot;σημάτων&quot; που φθάνουν στον πυρήνα, όπου προάγουν ή αναστέλλουν τις λειτουργίες αναπαραγωγής ή απόπτωσης. Συγκεκριμένα περιγράφονται τα ερυθροκύτταρα, απύρηνα κύτταρα του αίματος γεμάτα με αιμοσφαιρίνη, μια κόκκινη πρωτεϊνη που έχει την θαυμαστή ιδιότητα να προσλαμβάνει αμέσως το οξυγόνο στους πνεύμονες και να το αποδίδει προοδευτικά στους ιστούς, τα κοκκιοκύτταρα, που αποτελούν την αρχική άμυνα του ανθρώπου έναντι των μικροβίων που τον απειλούν, τα λεμφοκύτταρα, τα οποία αναγνωρίζουν και καταστρέφουν άλλα ανεπιθύμητα κύτταρα που παράγονται ή εισέρχονται στον οργανισμό, και τα πλασματοκύτταρα που συμπληρώνουν την άμυνά μας με τα κατάλληλα αντισώματα. Τέλος αναλύονται οι πολύπλοκες διεργασίες της αιμόστασης, από την συγκόλληση των αιμοπεταλίων μέχρι την πήξη του αίματος και την αναγκαία έγκαιρη αναστολή της. Το δεύτερο μέρος του βιβλίου εξετάζει τις διαταραχές των παραπάνω διεργασιών, τις κλινικές τους συνέπειες και την θεραπευτική τους αντιμετώπιση. Συγκεκριμένα αναλύονται οι αναιμίες και οι ερυθροκυτταρώσεις, οι λευκοπενίες, οι λευκοκυτταρώσεις και οι κοκκιοκυτταρικές λευχαιμίες, οι λεμφοπενίες και οι λεμφικές λευχαιμίες, τα λεμφώματα και το μυέλωμα ως και οι ποσοτικές και ποιοτικές διαταραχές των αιμοπεταλίων. Ακολουθούν οι διαταραχές της αιμόστασης και οι βασικές αρχές της αιμοδοσίας. Η ύλη συμπληρώνεται με τις κύριες βιβλιογραφικές πηγές, λεξιλόγια και συνδέσμους για περαιτέρω μελέτη.</subfield>
  </datafield>
  <datafield tag="650" ind1=" " ind2="0">
   <subfield code="a">Hematology</subfield>
   <subfield code="8">2225</subfield>
  </datafield>
  <datafield tag="650" ind1=" " ind2="0">
   <subfield code="a">Blood</subfield>
   <subfield code="x">Diseases</subfield>
   <subfield code="8">2226</subfield>
  </datafield>
  <datafield tag="653" ind1=" " ind2=" ">
   <subfield code="a">Βιολογία</subfield>
  </datafield>
  <datafield tag="653" ind1=" " ind2=" ">
   <subfield code="a">Αιμοδοσία</subfield>
  </datafield>
  <datafield tag="653" ind1=" " ind2=" ">
   <subfield code="a">Αιμόσταση</subfield>
  </datafield>
  <datafield tag="653" ind1=" " ind2=" ">
   <subfield code="a">Αιματολογία</subfield>
  </datafield>
  <datafield tag="653" ind1=" " ind2=" ">
   <subfield code="a">Επιστήμες υγείας</subfield>
   <subfield code="a">Ιατρική</subfield>
   <subfield code="a">Δημόσια υγεία</subfield>
   <subfield code="a">Προληπτική ιατρική</subfield>
  </datafield>
  <datafield tag="653" ind1=" " ind2=" ">
   <subfield code="a">Επιστήμες υγείας</subfield>
   <subfield code="a">Ιατρική</subfield>
   <subfield code="a">Παθολογία</subfield>
  </datafield>
  <datafield tag="653" ind1=" " ind2=" ">
   <subfield code="a">Επιστήμες υγείας</subfield>
   <subfield code="a">Ιατρική</subfield>
   <subfield code="a">Κλινική ιατρική</subfield>
  </datafield>
  <datafield tag="700" ind1="1" ind2=" ">
   <subfield code="a">Πολίτη, Μαριάννα</subfield>
   <subfield code="e">Συγγραφέας</subfield>
   <subfield code="8">631</subfield>
  </datafield>
  <datafield tag="700" ind1="1" ind2=" ">
   <subfield code="a">Κωνσταντόπουλος, Κωνσταντίνος</subfield>
   <subfield code="e">Κριτικός αναγνώστης</subfield>
   <subfield code="8">632</subfield>
  </datafield>
  <datafield tag="856" ind1="4" ind2="0">
   <subfield code="u">http://hdl.handle.net/11419/3081</subfield>
   <subfield code="z">Πλήρες Κείμενο - Full text</subfield>
  </datafield>
  <datafield tag="907" ind1=" " ind2=" ">
   <subfield code="a">.b25680250</subfield>
   <subfield code="b">12-06-18</subfield>
   <subfield code="c">29-07-16</subfield>
  </datafield>
  <datafield tag="949" ind1=" " ind2=" ">
   <subfield code="0">0</subfield>
   <subfield code="1">0</subfield>
   <subfield code="2">ddc</subfield>
   <subfield code="4">0</subfield>
   <subfield code="6">616_150000000000000_ΛΟΥ</subfield>
   <subfield code="7">0</subfield>
   <subfield code="8">KALL</subfield>
   <subfield code="8">784</subfield>
   <subfield code="d">2016-04-13</subfield>
   <subfield code="r">2016-04-13</subfield>
   <subfield code="w">2016-04-13</subfield>
   <subfield code="z">616.15 ΛΟΥ</subfield>
   <subfield code="o">SEAB KALLIPOS</subfield>
  </datafield>
  <datafield tag="998" ind1=" " ind2=" ">
   <subfield code="a">80</subfield>
   <subfield code="a">01</subfield>
   <subfield code="a">02</subfield>
   <subfield code="a">03</subfield>
   <subfield code="a">04</subfield>
   <subfield code="a">05</subfield>
   <subfield code="a">06</subfield>
   <subfield code="a">07</subfield>
   <subfield code="a">08</subfield>
   <subfield code="a">09</subfield>
   <subfield code="a">10</subfield>
   <subfield code="a">11</subfield>
   <subfield code="a">12</subfield>
   <subfield code="a">13</subfield>
   <subfield code="a">14</subfield>
   <subfield code="a">15</subfield>
   <subfield code="a">16</subfield>
   <subfield code="a">17</subfield>
   <subfield code="a">18</subfield>
   <subfield code="a">19</subfield>
   <subfield code="a">20</subfield>
   <subfield code="a">21</subfield>
   <subfield code="a">22</subfield>
   <subfield code="a">23</subfield>
   <subfield code="a">24</subfield>
   <subfield code="a">25</subfield>
   <subfield code="a">26</subfield>
   <subfield code="b">16-05-17</subfield>
   <subfield code="c">m</subfield>
   <subfield code="d">z  </subfield>
   <subfield code="e">-</subfield>
   <subfield code="f">gre</subfield>
   <subfield code="g">gr </subfield>
   <subfield code="h">0</subfield>
  </datafield>
  <datafield tag="942" ind1=" " ind2=" ">
   <subfield code="2">ddc</subfield>
   <subfield code="c">KALLIPOS</subfield>
  </datafield>
 </record>
</collection>
